01368nam a2200265Ia 450000100060000000300090000600800410001504000130005604000130006904100130008210000170009510000290011224500650014124500650020625000110027126000110028226000180029326000490031130000430036050005970040365000250100065000310102570000170105670000290107363347IT-RoPAU130308s9999 xx 000 0 und d aIT-RoPAU cIT-RoPAU aITALIANO aGirone Paolo gCodice Aut. SPICS: 20824 aLogica dell'emozione (La)-Quando la promozione fa spettacolo bLogica dell'emozione (La)-Quando la promozione Fa Spettacolo a1a ed. aMILANO bLupetti & Co. c1987 [1° Ed.:1987 - Ed.Ling.Originale:1987] a"202 p. (prefazione: no ; testo: 202)" aAscesa della Sales promotion Sovranità del Marketing Evoluzione del Promotional Marketing plusvalore promozionale Adverpromotion Briefing Obiettivi di Marketing Brainstorming Strategia promozionale Documento della Strategia di Comunicazione promozionale della Coop promozione e Media da carosello a Premiatissima Divertire per vendere Audience Documento European Promotional Package Gags a Gogo' tv Promotional Maker palinsesto Anteprima Documento Puntata Zero della Trasmissione la Grande Occasione Efficacia e Rendimento delle Promozioni Tecniche Promozionali Punto di vendita Alla Piazza aSAGGI DI PUBBLICITA' eCodice materia Spics: 6211 aZigoni Beppe gCodice Aut. SPICS: 22760